00354nam a2200133Ia 450000500170000000800410001702000180005808200180007610000190009424500430011326000270015630000120018365000250019520250326134711.0231217s9999 xx 000 0 und d a9788131405239 a381 GOP;1 R aGopal, V V ed. 0aVisual merchandising : an introduction c2006bIcfaiaHyderabad aix, 175 aVisual,merchandising